NLSUI OPAC header image

Public hearing on the struggles of women workers in the fish processing industry in India, 23-24 Jun. (Record no. 36930)

MARC details
000 -LEADER
fixed length control field 00572nam a2200157Ia 4500
008 - FIXED-LENGTH DATA ELEMENTS--GENERAL INFORMATION
fixed length control field 160316s1995 xxu||||| |||| 00| 0 eng d
082 ## - DEWEY DECIMAL CLASSIFICATION NUMBER
Classification number 341.450000
Item number INT
100 ## - MAIN ENTRY--PERSONAL NAME
Personal name
245 ## - TITLE STATEMENT
Title Public hearing on the struggles of women workers in the fish processing industry in India, 23-24 Jun.
250 ## - EDITION STATEMENT
Edition statement
260 ## - PUBLICATION, DISTRIBUTION, ETC.
Place of publication, distribution, etc. Madras
Name of publisher, distributor, etc. International Collective in Support of Fishworkers
Date of publication, distribution, etc. 1995
300 ## - PHYSICAL DESCRIPTION
Extent 50
Other physical details
Dimensions
365 ## - TRADE PRICE
Price amount
650 ## - SUBJECT ADDED ENTRY--TOPICAL TERM
Topical term or geographic name entry element 1. Seafood processing industry - migrant women<br/>2. Women workers<br/>3. Verdict - Jury<br/>4. plans - National fishworkers' forum
700 ## - ADDED ENTRY--PERSONAL NAME
Personal name
--
Holdings
Withdrawn status Lost status Damaged status Not for loan Home library Current library Shelving location Date acquired Total Checkouts Full call number Barcode Date last seen Price effective from Koha item type
        . .   30.05.2017   341.45 INT REP12386 30.05.2017 30.05.2017 Repository